Dari KL ke Seoul

Bibliographic Details
Main Author: A. Razak Adam (Author)
Format: Book
Language:Malay
Published: Melaka : Penerbit Universiti Teknikal Malaysia Melaka 2019
Subjects:

MARC

LEADER 00000cam a2200000 7i4500
001 0000029138
005 20210420.0
008 210331 my # may
020 |a 9789672145530 
040 |a INS   |b eng   |e rda 
090 0 0 |a PL5136   |b A73 2019 
100 0 |a A. Razak Adam ,   |e author 
245 1 0 |a Dari KL ke Seoul   |c A. RAZAK ADAM 
264 1 |a Melaka :   |b Penerbit Universiti Teknikal Malaysia Melaka   |c 2019 
300 |a 146 pages ;   |c 19 cm. 
336 |a text  |2 rdacontent 
337 |a unmediated  |2 rdamedia 
338 |a volume  |2 rdacarrier 
650 0 |a Malay fiction 
999 |a 1000004089   |b BOOK   |c Open Shelf   |e Default branch